000 00460nam a2200157Ia 4500
005 20250401115602.0
008 231217s9999 xx 000 0 und d
020 _a9788131408537
082 _a338.9 PAI;2 R1
100 _aPain, Asis Kumar. Karmakar, Nirbachita ed.
245 0 _aFinancial sector and economic growth : the limkage
260 _c2007
_bIcfai
_aHyderabad
300 _avi, 324
650 _aFinancial,economic,growth,limkage
942 _cAA
999 _c189474
_d189474